000 01101nam a2200397 a 4500
001 21764
003 CZ PrNK
005 20260309141310.0
007 ta
008 071211s2007 xr a b 000 f slo
015 _acnb001782814
020 _a9788025207963
_q(váz.)
035 _a(OCoLC)228669216
040 _aOLA001
_bcze
041 1 _aslo
_heng
072 7 _a821-93
_xLiteratura pro děti a mládež (beletrie)
_2Konspekt
080 _a821-93
_2MRF
080 _a821-34
_2MRF
080 _a(0:82-34)
_2MRF
245 0 0 _aBarbie ako Princezná z ostrova
246 3 0 _aPrincezná z ostrova
250 _a1. vyd.
260 _aV Prahe :
_bEgmont,
_c2007
300 _a[28] s. :
_bbarev. il. ;
_c25 cm
490 1 _aBarbie
500 _aPřeloženo z angličtiny
655 7 _apohádky
_2czenas
655 7 _apublikace pro děti
_2czenas
655 9 _afairy tales
_2eczenas
655 9 _achildren's literature
_2eczenas
765 0 _tBarbie as the Island Princess
830 0 _aBarbie
901 _b9788025207963
_f1. vyd.
_o20080418
910 _aABA001
942 _2ddc
_cKLDE
_n0
999 _c21764
_d21764